000 00426nam a2200157Ia 4500
008 210210b1991 xxu||||| |||| 00| 0 eng d
020 _a81 85376 39 5
082 _a820.13 RAOB
100 _aRAO (Yeshodhara Gopal).
245 _aBrave waves of heaven on earth.
260 _aBangalore
_bIndian Institute of spirituality
_c1991
300 _axii,111
650 _aPoems
690 _aIndian English Poetry
906 _a045161
999 _c94412
_d94412